[Event "Belo Horizonte Centenario op"]
[Site "Belo Horizonte"]
[Date "1997.??.??"]
[Round "3"]
[White "Cid, Roberto"]
[Black "Azevedo, Kelsen Rosas Sodre"]
[Result "1/2-1/2"]
[WhiteElo "2105"]
[BlackElo "2220"]
[PlyCount "31"]
[EventDate "1997.??.??"]
[EventType "swiss"]
[EventRounds "7"]
[EventCountry "BRA"]
[SourceTitle "EXT 1999"]
[Source "ChessBase"]
[SourceDate "1998.11.16"]
[SourceVersion "1"]
[SourceVersionDate "1998.11.16"]
[SourceQuality "1"]

1. e4 e5 2. Nf3 Nc6 3. Bb5 a6 4. Ba4 Nf6 5. 0-0 b5 6. Bb3 Bb7 7. Re1 Bc5 8. c3 d6 9. d4 Bb6 10. Bg5 h6 11. Bh4 Qd7 12. a4 0-0-0 13. axb5 axb5 14. Na3 g5 15. Bg3 h5 16. h4 1/2-1/2